Közép-Kelet-Európa és az Európai Unió
Elmentve itt :
| Szerző: | |
|---|---|
| Adatforrás: | Meister |
| Forrásdokumentuma: | A Hét. - 20 sz., 1998, 9-11 p. |
| Nyelv: | magyar |
| Kulcsszavak: | politológia politikai analízis Politikai intézmények európai integráció uniós stratégia (európai) Kelet-Európa Európa Európai Unió (EU) |
| LEADER | 00580nab a2200205 i 4500 | ||
|---|---|---|---|
| 001 | bibPRO00007476 | ||
| 008 | 060524s1998 xx hun | ||
| 040 | |a Sz1 | ||
| 041 | |a hun | ||
| 100 | 1 | |a OW Barbara von | |
| 245 | 1 | 0 | |a Közép-Kelet-Európa és az Európai Unió |c OW Barbara von |
| 695 | |a politológia | ||
| 695 | |a politikai analízis | ||
| 695 | |a Politikai intézmények | ||
| 695 | |a európai integráció | ||
| 695 | |a uniós stratégia (európai) | ||
| 695 | |a Kelet-Európa | ||
| 695 | |a Európa | ||
| 695 | |a Európai Unió (EU) | ||
| 773 | 0 | |t A Hét. - |g 20 sz., 1998, 9-11 p. | |